| 000 | 01135nam0a22002651 4500 | ||
|---|---|---|---|
| 001 | rc\3154165 | ||
| 005 | 20120615104107.1 | ||
| 021 |
_aRU _b[77-2727] |
||
| 035 | _a(NLR Aleph) 007323040 | ||
| 090 |
_a5930112 _c5930112 |
||
| 100 | _a20120615d1976 |||y0rusy50 ca | ||
| 101 | 0 | _arus | |
| 102 | _aRU | ||
| 105 | _ay z |||c| | ||
| 200 | 1 |
_aНациональное своеобразие русской литературы _eОчерки и характеристики _fЕ.Н. Купреянова, Г.П. Макогоненко _gАН СССР, Ин-т рус. литературы (Пушкинский дом) |
|
| 210 |
_aЛенинград _cНаука. Ленингр. отд-ние _d1976 |
||
| 215 |
_a415 с. _d22 |
||
| 606 |
_aРусская литература _xИстория _2psbo |
||
| 700 | 1 |
_aКупреянова _bЕ. Н. _f1906- _gЕлизавета Николаевна |
|
| 701 | 1 |
_aМакогоненко _bГ. П. _f1912-1986 _gГеоргий Пантелеймонович _3RU\NLR\auth\7727460 |
|
| 801 | 0 |
_aRU _bNLR _gpsbo |
|
| 801 | 1 |
_aRU _bELAR _2rusmarc |
|
| 852 |
_aNLR _j77-5/3340 |
||
| 942 | _cBOOK | ||
| 980 | _aNB | ||